000
00219nam a22000857a 4500
008
161112b xxu||||| |||| 00| 0 eng d
100
_9
1170
_a
Arjun.S.etal.
245
_a
CCE Social Science-VI
260
_a
New Delhi
_b
Frank
_c
2012
999
_c
3845
_d
3845